Student resource handbook to accompany Mathematics for elementary teachers : a contemporary approach /
Đã lưu trong:
| Tác giả chính: | |
|---|---|
| Tác giả khác: | |
| Định dạng: | Sách |
| Ngôn ngữ: | English |
| Được phát hành: |
New York :
John Wiley and Sons,
2000.
|
| Phiên bản: | 5th ed. |
| Những chủ đề: | |
| Các nhãn: |
Thêm thẻ
Không có thẻ, Là người đầu tiên thẻ bản ghi này!
|
| Thư viện lưu trữ: | Mạng thư viện Đại học Đà Nẵng |
|---|
| LEADER | 01008cam a2200349 i 4500 | ||
|---|---|---|---|
| 001 | 000048140 | ||
| 003 | 7844 | ||
| 005 | 20030327082518.0 | ||
| 008 | 010326|2000 vm 000 eng | ||
| 020 | |a 0471366544 | ||
| 040 | |a IRC |c IRC |d IRC | ||
| 041 | 0 | |a eng | |
| 082 | 1 | 4 | |a 372.7044 |b SW-K |
| 100 | 1 | |a Swenson, Karen A. | |
| 245 | 0 | 0 | |a Student resource handbook to accompany Mathematics for elementary teachers : |b a contemporary approach / |c Karen A. Swenson, Marcia L. Swanson. |
| 250 | |a 5th ed. | ||
| 260 | |a New York : |b John Wiley and Sons, |c 2000. | ||
| 300 | |a vii, 327 p. : |b ill. [looseleaf] ; |c 28cm. | ||
| 630 | 0 | 4 | |a Mathematics. |
| 650 | 0 | 4 | |a Mathematics |x Study and Teaching (Elementary) |
| 650 | 0 | 4 | |a Mathematics. |
| 700 | 1 | |a Swanson, Marcia L. | |
| OWN | |a DUT | ||
| 999 | |a From the UDN01 | ||
| TYP | |a Monograph | ||
| TYP | |a Printed language | ||
| 980 | |a Mạng thư viện Đại học Đà Nẵng | ||


